| 000 | 00563nam a22001577a 4500 | ||
|---|---|---|---|
| 003 | NUST | ||
| 082 | _a200 | ||
| 100 |
_aNyang, Abdoulie Feller _9112142 |
||
| 245 |
_aIntelligent end to end Provisioning and Dynamic Configuration of Partially Disaggregated Optical Networks/ _cAbdoulie Feller Nyang |
||
| 264 |
_aIslamabad : _bSEECS, NUST, _c2023. |
||
| 300 |
_a63 p. ; _c30 cm. |
||
| 650 |
_aMS-Information Technology _926924 |
||
| 700 |
_aSupervisor: Dr Arsalan Ahmad _996801 |
||
| 856 | _uhttp://10.250.8.41:8080/xmlui/handle/123456789/32596 | ||
| 942 |
_2ddc _cSC |
||
| 999 |
_c594666 _d594666 |
||